[Event "XXXVI C.to Italiano femminile"]
[Site "Bratto - Castione della Presolana ITA"]
[Date "2009.08.21"]
[Round "1"]
[White "Arnetta, Maria Teresa"]
[Black "Casolino, Rosamaria"]
[Result "1-0"]
[WhiteElo "2031"]
[BlackElo "1826"]
[PlyCount "107"]
[EventDate "2009.08.21"]

1. e4 c5 2. c3 Nf6 3. e5 Nd5 4. d4 cxd4 5. Nf3 d6 6. Qxd4 e6 7. Bb5+ Bd7 8. a4
Qb6 9. Na3 Qxd4 10. cxd4 Nc6 11. O-O Nb6 12. exd6 Bxd6 13. Nc4 Nxc4 14. Bxc4
O-O 15. d5 exd5 16. Bxd5 Be7 17. Be3 Bf6 18. Ra3 a5 19. Bc5 Be7 20. Bxe7 Nxe7
21. Bxb7 Rab8 22. Be4 Rxb2 23. Ne5 Be6 24. Nd3 Rd2 25. Nf4 Bc4 26. Rc1 Rfd8 27.
h3 Rd1+ 28. Rxd1 Rxd1+ 29. Kh2 f5 30. Bf3 Rd8 31. Rc3 Bf7 32. Rc5 g5 33. Ne2
Rd2 34. Rxa5 h5 35. Ng3 g4 36. hxg4 hxg4 37. Bb7 Rxf2 38. Re5 Kf8 39. Kg1 Ra2
40. a5 f4 41. Nf5 g3 42. Kf1 Ra1+ 43. Ke2 Bh5+ 44. Kd2 Ng6 45. Rc5 Bg4 46. Rc8+
Kf7 47. Nh6+ Kg7 48. Nxg4 Rxa5 49. Rc7+ Kf8 50. Nf6 Nh4 51. Bd5 Rxd5+ 52. Nxd5
f3 53. Ke3 f2 54. Ke2 1-0

[Event "XXXVI C.to Italiano femminile"]
[Site "Bratto - Castione della Presolana ITA"]
[Date "2009.08.21"]
[Round "1"]
[White "Brunello, Marina"]
[Black "Messina, Roberta"]
[Result "1/2-1/2"]
[WhiteElo "2159"]
[BlackElo "1900"]
[PlyCount "48"]
[EventDate "2009.08.21"]

1. e4 c5 2. c3 Nf6 3. e5 Nd5 4. d4 cxd4 5. Nf3 e6 6. cxd4 d6 7. Bc4 Nb6 8. Bd3
Nc6 9. O-O Nb4 10. Be2 N4d5 11. Re1 Bd7 12. Bg5 Be7 13. Bxe7 Qxe7 14. Nbd2 dxe5
15. Nxe5 Ba4 16. Nb3 O-O 17. Bd3 Rfd8 18. Rc1 Rac8 19. Bb1 Nf6 20. Rxc8 Rxc8
21. Qf3 Qb4 22. Nd3 Qe7 23. Ne5 Qb4 24. Nd3 Qe7 1/2-1/2

[Event "XXXVI C.to Italiano femminile"]
[Site "Bratto - Castione della Presolana ITA"]
[Date "2009.08.21"]
[Round "1"]
[White "Brunello, Roberta"]
[Black "Restifo, Katiuscia"]
[Result "1-0"]
[WhiteElo "1956"]
[BlackElo "1779"]
[PlyCount "53"]
[EventDate "2009.08.21"]

1. e4 c5 2. c3 d6 3. d4 cxd4 4. cxd4 e6 5. Nc3 Be7 6. Bd3 Nf6 7. Nf3 Nbd7 8. e5
Nd5 9. Nxd5 exd5 10. O-O O-O 11. Re1 Nb6 12. exd6 Qxd6 13. Ne5 f6 14. Qh5 f5
15. Bf4 Qf6 16. Nf3 h6 17. Ne5 Kh7 18. g3 Bd8 19. h4 Be6 20. Ng4 Qf7 21. Qxf7
Rxf7 22. Rxe6 g5 23. Rxh6+ Kg8 24. Be5 Kf8 25. Nf6 Nd7 26. Rh8+ Ke7 27. Re8#
1-0

[Event "XXXVI C.to Italiano femminile"]
[Site "Bratto - Castione della Presolana ITA"]
[Date "2009.08.21"]
[Round "1"]
[White "Chiarion, Elisa"]
[Black "Zanaboni, Alessandra"]
[Result "1-0"]
[WhiteElo "1904"]
[BlackElo "1587"]
[PlyCount "45"]
[EventDate "2009.08.21"]

1. e4 c5 2. Nf3 d6 3. d4 cxd4 4. Nxd4 Nf6 5. Nc3 Nc6 6. Bg5 Bd7 7. Qd2 e6 8.
O-O-O Be7 9. f4 O-O 10. Be2 a6 11. Bf3 Ne8 12. Bxe7 Qxe7 13. h4 Qf6 14. Nce2
Nxd4 15. Nxd4 Rb8 16. g4 b5 17. g5 Qe7 18. h5 Rc8 19. f5 Rc5 20. Bg4 Re5 21.
Qf4 Nc7 22. Nf3 Rc5 23. f6 1-0

[Event "XXXVI C.to Italiano femminile"]
[Site "Bratto - Castione della Presolana ITA"]
[Date "2009.08.21"]
[Round "1"]
[White "Fantina, Carla"]
[Black "Panella, Fiammetta"]
[Result "0-1"]
[WhiteElo "1784"]
[BlackElo "1996"]
[PlyCount "100"]
[EventDate "2009.08.21"]

1. c4 e5 2. Nc3 Nf6 3. g3 c6 4. Bg2 d5 5. cxd5 cxd5 6. e3 Nc6 7. Nge2 d4 8.
exd4 exd4 9. Ne4 Nxe4 10. Bxe4 Bg4 11. d3 Bb4+ 12. Bd2 O-O 13. O-O Bc5 14. a3
Re8 15. f3 Bh3 16. Rf2 Bd7 17. Nf4 a5 18. Bxc6 bxc6 19. b4 axb4 20. axb4 Bd6
21. Ne2 Qb6 22. Rxa8 Rxa8 23. Qb1 c5 24. Bf4 Be7 25. Kg2 cxb4 26. Be5 Bc5 27.
Qb2 Be6 28. Bxd4 Ra2 29. Bxc5 Qxc5 30. Qd4 Qxd4 31. Nxd4 Rxf2+ 32. Kxf2 b3 33.
Ne2 b2 34. Nc3 Bb3 35. Ke3 Bc2 36. Kd4 b1=Q 37. Nxb1 Bxb1 38. Kc4 Kf8 39. d4
Ke7 40. Kd5 Kd7 41. f4 Ba2+ 42. Kc5 Ke6 43. g4 g6 44. h3 h5 45. g5 Kf5 46. d5
Kxf4 47. d6 Be6 48. h4 Kg4 49. Kd4 Kxh4 50. Ke5 Kxg5 0-1

[Event "XXXVI C.to Italiano femminile"]
[Site "Bratto - Castione della Presolana ITA"]
[Date "2009.08.21"]
[Round "1"]
[White "Pili, Erika"]
[Black "Chierici, Marianna"]
[Result "0-1"]
[WhiteElo "1824"]
[BlackElo "2021"]
[PlyCount "58"]
[EventDate "2009.08.21"]

1. e4 c5 2. Nf3 Nc6 3. d4 cxd4 4. Nxd4 e5 5. Nb3 d6 6. Nc3 Be7 7. Be3 Nf6 8.
Be2 Be6 9. Qd2 O-O 10. f3 Rc8 11. Rd1 a6 12. O-O b5 13. Kh1 Nb4 14. a3 Nc6 15.
Nd5 Nb8 16. Na1 Nxd5 17. exd5 Bf5 18. Bd3 Bxd3 19. Qxd3 Bg5 20. c3 Bxe3 21.
Qxe3 Nd7 22. Nb3 Qc7 23. Nd2 Nb6 24. Qg5 h6 25. Qg3 Nxd5 26. f4 exf4 27. Qh3
Ne3 28. Rxf4 Nxd1 29. Rg4 Nf2+ 0-1

[Event "XXXVI C.to Italiano femminile"]
[Site "Bratto - Castione della Presolana ITA"]
[Date "2009.08.21"]
[Round "1"]
[White "Polin, Giulia"]
[Black "Matta, Francesca"]
[Result "1-0"]
[WhiteElo "1711"]
[BlackElo "1906"]
[PlyCount "69"]
[EventDate "2009.08.21"]

1. e4 c5 2. Nf3 e6 3. d4 cxd4 4. Nxd4 a6 5. Nc3 Qc7 6. Be2 Nf6 7. O-O Be7 8.
Kh1 O-O 9. f4 d6 10. Bf3 Nbd7 11. Qe1 Kh8 12. g4 Re8 13. g5 Ng8 14. Rg1 b5 15.
Qg3 Bb7 16. g6 hxg6 17. f5 Bf8 18. fxe6 Ne5 19. Nd5 Bxd5 20. exd5 Nf6 21. exf7
Qxf7 22. Ne6 Rac8 23. c3 Qb7 24. Nf4 Kg8 25. Bg2 Nh5 26. Nxh5 gxh5 27. Bf4 Qf7
28. Raf1 Qe7 29. Bh3 Rc5 30. Be6+ Kh8 31. Bxe5 dxe5 32. Rf7 Qxf7 33. Bxf7 Re7
34. Qg6 e4 35. Qxh5# 1-0

[Event "XXXVI C.to Italiano femminile"]
[Site "Bratto - Castione della Presolana ITA"]
[Date "2009.08.21"]
[Round "1"]
[White "Reginato, Sabrina"]
[Black "De Rosa, Mariagrazia"]
[Result "0-1"]
[WhiteElo "1880"]
[BlackElo "2124"]
[PlyCount "76"]
[EventDate "2009.08.21"]

1. e4 c5 2. Nf3 d6 3. d4 cxd4 4. Nxd4 Nf6 5. f3 Nc6 6. c4 Qb6 7. Nc2 g6 8. Nc3
Bg7 9. Rb1 Ng4 10. Qd2 Bh6 11. Qe2 Bxc1 12. Nd5 Qd8 13. Rxc1 Nge5 14. b4 O-O
15. h4 e6 16. Nde3 f5 17. f4 Nf7 18. h5 g5 19. b5 gxf4 20. bxc6 fxe3 21. Nxe3
bxc6 22. Rh3 Qa5+ 23. Kf2 Qe5 24. exf5 exf5 25. Kg1 Kh8 26. Qf3 Ng5 27. Qf2
Nxh3+ 28. gxh3 Rg8+ 29. Kh1 f4 30. Ng2 Bxh3 31. Re1 Bxg2+ 32. Bxg2 Qxh5+ 33.
Kg1 Qg5 34. Kf1 Rg7 35. Bxc6 Rag8 36. Bd5 Qg1+ 37. Qxg1 Rxg1+ 38. Kf2 Rxe1 0-1

[Event "XXXVI C.to Italiano femminile"]
[Site "Bratto - Castione della Presolana ITA"]
[Date "2009.08.21"]
[Round "1"]
[White "Tonel, Giulia"]
[Black "Palmitessa, Chiara"]
[Result "1-0"]
[WhiteElo "2004"]
[BlackElo "1807"]
[PlyCount "77"]
[EventDate "2009.08.21"]

1. e4 e5 2. f4 Bc5 3. Nf3 d6 4. Bc4 Nf6 5. Nc3 Nc6 6. d3 a6 7. Qe2 Bg4 8. Be3
Nd4 9. Bxd4 exd4 10. Nb1 O-O 11. Nbd2 d5 12. Bb3 dxe4 13. dxe4 Re8 14. O-O-O
Ba7 15. Rde1 b5 16. h3 Be6 17. Bxe6 Rxe6 18. g4 c5 19. e5 Nd5 20. Qe4 Nf6 21.
Qf5 g6 22. Qg5 Nd5 23. Qh6 Qf8 24. Qh4 h6 25. f5 Ree8 26. Ne4 Bb6 27. Rhf1 Qg7
28. Nd6 Rf8 29. f6 Qh7 30. g5 hxg5 31. Qxg5 Qh5 32. Qxh5 gxh5 33. Rg1+ Kh8 34.
Rg5 Kh7 35. Rxh5+ Kg6 36. Rg5+ Kh6 37. Nf5+ Kh7 38. Rg7+ Kh8 39. Ng5 1-0

[Event "XXXVI C.to Italiano femminile"]
[Site "Bratto - Castione della Presolana ITA"]
[Date "2009.08.22"]
[Round "2"]
[White "Chierici, Marianna"]
[Black "Chiarion, Elisa"]
[Result "1-0"]
[WhiteElo "2021"]
[BlackElo "1904"]
[PlyCount "41"]
[EventDate "2009.08.21"]

1. Nf3 d5 2. c4 e6 3. g3 c6 4. Bg2 Nf6 5. O-O Nbd7 6. b3 Bd6 7. cxd5 exd5 8.
Bb2 O-O 9. d4 Re8 10. Nbd2 Qc7 11. Rc1 Ne4 12. Nxe4 dxe4 13. Nd2 f5 14. Nc4 Be7
15. d5 Bf6 16. dxc6 bxc6 17. Bxf6 Nxf6 18. Qd6 Qd7 19. Rfd1 Re6 20. Qc5 Qc7 21.
Qxf5 1-0

[Event "XXXVI C.to Italiano femminile"]
[Site "Bratto - Castione della Presolana ITA"]
[Date "2009.08.22"]
[Round "2"]
[White "De Rosa, Mariagrazia"]
[Black "Brunello, Roberta"]
[Result "1-0"]
[WhiteElo "2124"]
[BlackElo "1956"]
[PlyCount "33"]
[EventDate "2009.08.21"]

1. e4 e5 2. Nf3 Nc6 3. Bb5 d6 4. d4 Bd7 5. Nc3 Nf6 6. Bxc6 Bxc6 7. Qd3 d5 8.
exd5 Nxd5 9. Nxe5 Nb4 10. Qe2 Be7 11. a3 Nd5 12. Nxc6 bxc6 13. Nxd5 Qxd5 14.
O-O Qxd4 15. Re1 Qd7 16. Bg5 f6 17. Rad1 1-0

[Event "XXXVI C.to Italiano femminile"]
[Site "Bratto - Castione della Presolana ITA"]
[Date "2009.08.22"]
[Round "2"]
[White "Matta, Francesca"]
[Black "Brunello, Marina"]
[Result "0-1"]
[WhiteElo "1906"]
[BlackElo "2159"]
[PlyCount "64"]
[EventDate "2009.08.21"]

1. e4 c5 2. Nf3 d6 3. d4 cxd4 4. Nxd4 Nf6 5. Nc3 a6 6. Rg1 b5 7. g4 Bb7 8. Bg2
e5 9. Nb3 b4 10. Nd5 Nxd5 11. exd5 Be7 12. Be3 Nd7 13. Qe2 Qc7 14. g5 a5 15.
Be4 a4 16. Nd2 Ba6 17. Bd3 Bxd3 18. Qxd3 Rc8 19. Rc1 O-O 20. Rg4 f5 21. gxf6
Nxf6 22. Rxb4 Qd7 23. Ke2 Qh3 24. Rxa4 Ng4 25. Rg1 h5 26. Bb6 Qxh2 27. Nf3 Rxf3
28. Kxf3 Qxg1 29. Ra7 Nh2+ 30. Ke2 Qf1+ 31. Kd2 Bg5+ 32. Be3 Nf3# 0-1

[Event "XXXVI C.to Italiano femminile"]
[Site "Bratto - Castione della Presolana ITA"]
[Date "2009.08.22"]
[Round "2"]
[White "Messina, Roberta"]
[Black "Reginato, Sabrina"]
[Result "1-0"]
[WhiteElo "1900"]
[BlackElo "1880"]
[PlyCount "79"]
[EventDate "2009.08.21"]

1. e4 c5 2. Nf3 a6 3. d4 cxd4 4. Nxd4 Nf6 5. Nc3 e5 6. Nde2 Bb4 7. Bd2 Nc6 8.
g3 d5 9. exd5 Nxd5 10. Bg2 Be6 11. O-O Nde7 12. Ne4 Bxd2 13. Qxd2 Qxd2 14. Nxd2
Rd8 15. Rfd1 O-O 16. Ne4 Bc4 17. N2c3 Nd4 18. Rac1 b5 19. b3 Be6 20. Re1 Rc8
21. Ne2 Nxc2 22. Red1 Nb4 23. Rxc8 Rxc8 24. Rd2 h6 25. N4c3 Nbc6 26. h3 Nf5 27.
Ne4 Ncd4 28. Nxd4 Nxd4 29. f4 f6 30. g4 Rd8 31. fxe5 fxe5 32. Rf2 Rc8 33. Nd6
Rd8 34. Nb7 Rb8 35. Nc5 Bc8 36. Bd5+ Kh7 37. Rf8 Be6 38. Be4+ g6 39. Rxb8 Bf7
40. Kf2 1-0

[Event "XXXVI C.to Italiano femminile"]
[Site "Bratto - Castione della Presolana ITA"]
[Date "2009.08.22"]
[Round "2"]
[White "Palmitessa, Chiara"]
[Black "Casolino, Rosamaria"]
[Result "1-0"]
[WhiteElo "1807"]
[BlackElo "1826"]
[PlyCount "77"]
[EventDate "2009.08.21"]

1. e4 c5 2. Nf3 d6 3. d4 cxd4 4. Nxd4 Nf6 5. Nc3 a6 6. g3 e5 7. Nde2 Be7 8. Bg2
Nbd7 9. O-O b5 10. a4 b4 11. Nd5 Nxd5 12. exd5 Nf6 13. a5 Bf5 14. c4 Rb8 15.
Be3 Nd7 16. b3 Qc7 17. h3 O-O 18. Kh2 Bg6 19. Ra2 f5 20. f4 Bf6 21. fxe5 Bxe5
22. Bd4 Bh5 23. Bf3 Bf7 24. Bxe5 Nxe5 25. Nd4 Rfe8 26. Nxf5 Bg6 27. Nd4 Bf7 28.
Bh5 g6 29. Bg4 Re7 30. Be6 Rbe8 31. Bxf7+ Rxf7 32. Ne6 Qe7 33. Rxf7 Qxf7 34.
Kg2 Qf5 35. Rf2 Qe4+ 36. Kg1 Qe3 37. Qf1 Nf3+ 38. Kg2 Ne1+ 39. Kh2 1-0

[Event "XXXVI C.to Italiano femminile"]
[Site "Bratto - Castione della Presolana ITA"]
[Date "2009.08.22"]
[Round "2"]
[White "Panella, Fiammetta"]
[Black "Arnetta, Maria Teresa"]
[Result "1-0"]
[WhiteElo "1996"]
[BlackElo "2031"]
[PlyCount "98"]
[EventDate "2009.08.21"]

1. c4 e5 2. Nc3 Nf6 3. Nf3 d6 4. d4 exd4 5. Nxd4 Be7 6. e4 O-O 7. Be2 Nbd7 8.
O-O Nc5 9. f3 c6 10. Kh1 Qc7 11. Bf4 Ne6 12. Be3 Rd8 13. Rc1 Nxd4 14. Qxd4 Qa5
15. Rfd1 Be6 16. b4 Qh5 17. a3 Nd7 18. f4 Bg4 19. Qd2 Bf6 20. Bxg4 Qxg4 21. Ne2
Nf8 22. Ng3 Re8 23. Qc2 Ng6 24. Nf5 Nxf4 25. h3 Nxh3 26. gxh3 Qxh3+ 27. Qh2
Qxh2+ 28. Kxh2 Rxe4 29. Bd4 Re2+ 30. Kh3 Be5 31. Bxe5 dxe5 32. Rd7 Rf2 33. Ne7+
Kf8 34. Rxb7 Rd8 35. Kg3 Rdd2 36. Nxc6 Rg2+ 37. Kf3 Rgf2+ 38. Kg3 Rg2+ 39. Kf3
f6 40. c5 Rh2 41. Nxe5 Rhf2+ 42. Kg3 fxe5 43. c6 Rg2+ 44. Kf3 Rgf2+ 45. Ke4
Rfe2+ 46. Kf5 Rf2+ 47. Ke6 Rf6+ 48. Kxe5 Rff2 49. Rc4 g5 1-0

[Event "XXXVI C.to Italiano femminile"]
[Site "Bratto - Castione della Presolana ITA"]
[Date "2009.08.22"]
[Round "2"]
[White "Polin, Giulia"]
[Black "Tonel, Giulia"]
[Result "1/2-1/2"]
[WhiteElo "1711"]
[BlackElo "2004"]
[PlyCount "51"]
[EventDate "2009.08.21"]

1. e4 c5 2. Nf3 Nc6 3. d4 cxd4 4. Nxd4 e5 5. Nb5 d6 6. N1c3 a6 7. Na3 Be7 8.
Nd5 Be6 9. c3 Nf6 10. Nxf6+ Bxf6 11. Nc4 Be7 12. Be2 O-O 13. O-O d5 14. exd5
Bxd5 15. Nb6 Qxb6 16. Qxd5 Rad8 17. Qc4 Qc7 18. a4 Rc8 19. Qg4 f5 20. Qh5 Na5
21. Bd3 e4 22. Bc2 Bd6 23. Be3 Rf6 24. Bg5 Rg6 25. h4 Bf4 26. Rad1 1/2-1/2

[Event "XXXVI C.to Italiano femminile"]
[Site "Bratto - Castione della Presolana ITA"]
[Date "2009.08.22"]
[Round "2"]
[White "Restifo, Katiuscia"]
[Black "Fantina, Carla"]
[Result "1-0"]
[WhiteElo "1779"]
[BlackElo "1784"]
[PlyCount "85"]
[EventDate "2009.08.21"]

1. d4 Nf6 2. Nf3 d6 3. e3 g6 4. Be2 Bg7 5. Nbd2 O-O 6. b3 c5 7. Bb2 Nbd7 8. O-O
cxd4 9. exd4 Nb6 10. c4 a5 11. a3 Bf5 12. Nh4 Bd7 13. Nhf3 Nh5 14. Re1 Nf4 15.
Bf1 Bf5 16. Ne4 a4 17. b4 Be6 18. Rc1 f5 19. Neg5 Bd7 20. Qd2 e5 21. dxe5 dxe5
22. Nxe5 Qxg5 23. Kh1 Bc6 24. Nxc6 Bxb2 25. Ne7+ Kg7 26. Qxb2+ Qf6 27. Qd2 Ne6
28. Qe3 Nd4 29. c5 Nb3 30. Rcd1 Nc8 31. Nd5 Qf7 32. Qe5+ Kh6 33. Re3 g5 34.
Rh3+ Kg6 35. Be2 g4 36. Nf4+ Kg5 37. Rh5+ Qxh5 38. Nxh5 Kxh5 39. Rd7 Na7 40.
Rxh7+ Kg5 41. Qe7+ Rf6 42. Rg7+ Kh4 43. Qxf6+ 1-0

[Event "XXXVI C.to Italiano femminile"]
[Site "Bratto - Castione della Presolana ITA"]
[Date "2009.08.22"]
[Round "2"]
[White "Zanaboni, Alessandra"]
[Black "Pili, Erika"]
[Result "0-1"]
[WhiteElo "1587"]
[BlackElo "1824"]
[PlyCount "76"]
[EventDate "2009.08.21"]

1. e4 e5 2. Nf3 Nc6 3. Bb5 Bc5 4. O-O Nd4 5. c3 Nxb5 6. Qe2 c6 7. a4 Nc7 8.
Nxe5 Be7 9. d4 d6 10. Nd3 Be6 11. Nd2 Nf6 12. f4 g6 13. f5 Bd7 14. Nf3 gxf5 15.
e5 Ne4 16. exd6 Bxd6 17. Ng5 Qe7 18. Qh5 O-O-O 19. Nxf7 Nf6 20. Nxd6+ Qxd6 21.
Qf3 Ncd5 22. Nf4 Nxf4 23. Bxf4 Qd5 24. Qf2 Ne4 25. Qc2 Be6 26. b4 Rhg8 27. Rf3
Qc4 28. b5 Rxd4 29. Qb2 Rd7 30. bxc6 Qxc6 31. c4 Rgd8 32. Qe5 Rd1+ 33. Rxd1
Rxd1+ 34. Rf1 Qb6+ 35. c5 Rxf1+ 36. Kxf1 Qb1+ 37. Ke2 Qc2+ 38. Kf3 Qf2# 0-1

[Event "XXXVI C.to Italiano femminile"]
[Site "Bratto - Castione della Presolana ITA"]
[Date "2009.08.23"]
[Round "3"]
[White "Arnetta, Maria Teresa"]
[Black "Polin, Giulia"]
[Result "1-0"]
[WhiteElo "2031"]
[BlackElo "1711"]
[PlyCount "89"]
[EventDate "2009.08.21"]

1. d4 d5 2. c4 e6 3. Nc3 Nf6 4. cxd5 exd5 5. Bg5 Be7 6. e3 O-O 7. Bd3 b6 8.
Bxf6 Bxf6 9. Qh5 g6 10. Qxd5 c6 11. Qf3 Bb7 12. Nge2 Nd7 13. O-O Bg7 14. Rac1
Ne5 15. dxe5 Qxd3 16. Rfd1 Qa6 17. Qg3 Rad8 18. Rd4 b5 19. a3 c5 20. Rxd8 Rxd8
21. Qg5 Qb6 22. Qe7 Bf8 23. Qh4 Qc6 24. e4 Qd7 25. h3 Be7 26. Qf4 a6 27. Rd1
Qe6 28. Rxd8+ Bxd8 29. Qd2 Ba5 30. Qd6 b4 31. axb4 cxb4 32. Nd5 Qxd6 33. exd6
Bxd5 34. exd5 Bb6 35. d7 Kg7 36. Nd4 Kf6 37. Nc6 a5 38. Kf1 a4 39. Nxb4 Ke7 40.
Ke2 Kxd7 41. Kd3 Bxf2 42. Kc4 g5 43. Nd3 Bg3 44. Nc5+ Kd6 45. Ne4+ 1-0

[Event "XXXVI C.to Italiano femminile"]
[Site "Bratto - Castione della Presolana ITA"]
[Date "2009.08.23"]
[Round "3"]
[White "Brunello, Marina"]
[Black "Panella, Fiammetta"]
[Result "1/2-1/2"]
[WhiteElo "2159"]
[BlackElo "1996"]
[PlyCount "81"]
[EventDate "2009.08.21"]

1. e4 e6 2. d4 d5 3. e5 c5 4. c3 Nc6 5. Nf3 Qb6 6. a3 f6 7. exf6 Nxf6 8. Bd3
Bd6 9. O-O O-O 10. b4 cxd4 11. cxd4 e5 12. dxe5 Nxe5 13. Be2 Kh8 14. Bb2 Neg4
15. h3 Nxf2 16. Rxf2 Ne4 17. Qd4 Qxd4 18. Bxd4 Nxf2 19. Kxf2 Bf5 20. Nc3 Be4
21. Kg1 a5 22. Nb5 Bf4 23. Bc5 Rf6 24. a4 axb4 25. Bxb4 Rc8 26. Kf2 Be5 27. Rd1
Rc2 28. Nbd4 Ra2 29. a5 h6 30. Kg1 Bc7 31. Bc3 Bxa5 32. Bxa5 Rxa5 33. Rd2 Ra1+
34. Kf2 Ra3 35. Rb2 b6 36. Bb5 Rc3 37. Ra2 Kh7 38. Rb2 Kh8 39. Be2 Kh7 40. Nb5
Rc8 41. Nbd4 1/2-1/2

[Event "XXXVI C.to Italiano femminile"]
[Site "Bratto - Castione della Presolana ITA"]
[Date "2009.08.23"]
[Round "3"]
[White "Brunello, Roberta"]
[Black "Palmitessa, Chiara"]
[Result "1-0"]
[WhiteElo "1956"]
[BlackElo "1807"]
[PlyCount "71"]
[EventDate "2009.08.21"]

1. e4 e5 2. Nf3 Nc6 3. Bc4 Bc5 4. Nc3 Nf6 5. d3 h6 6. O-O d6 7. h3 Be6 8. Bb3
Qd7 9. Be3 Bb6 10. Ba4 O-O 11. d4 exd4 12. Bxd4 Qe7 13. Bxb6 axb6 14. Bb5 Ne5
15. Nd4 Bc4 16. Bxc4 Nxc4 17. b3 Ne5 18. f4 Ng6 19. Qf3 Rfe8 20. Rae1 Nd7 21.
Nf5 Qf6 22. Nd5 Qd8 23. h4 Nf6 24. h5 Nh4 25. Nxh4 Nxd5 26. Nf5 Ne7 27. Nd4 Qd7
28. a4 f5 29. exf5 Nxf5 30. Qd5+ Kh8 31. Qxf5 Qd8 32. Rxe8+ Qxe8 33. Ne6 Ra5
34. Qg6 Qe7 35. f5 Re5 36. f6 1-0

[Event "XXXVI C.to Italiano femminile"]
[Site "Bratto - Castione della Presolana ITA"]
[Date "2009.08.23"]
[Round "3"]
[White "Casolino, Rosamaria"]
[Black "Restifo, Katiuscia"]
[Result "1-0"]
[WhiteElo "1826"]
[BlackElo "1779"]
[PlyCount "97"]
[EventDate "2009.08.21"]

1. e4 c5 2. Nc3 d6 3. g3 Nc6 4. Bg2 g6 5. d3 Bg7 6. Be3 Nf6 7. h3 e5 8. Qd2 h6
9. Nge2 Be6 10. f4 Qa5 11. g4 Nd4 12. f5 Bd7 13. fxg6 fxg6 14. Rf1 Qb4 15.
O-O-O Nxe2+ 16. Qxe2 g5 17. Rxf6 Bxf6 18. Nd5 Qa5 19. Nxf6+ Kd8 20. Kb1 Be6 21.
Nd5 Rf8 22. Bd2 Qa4 23. b3 Qc6 24. Rf1 Kd7 25. Nf6+ Kc7 26. c3 Qb6 27. Be3 Rf7
28. Nd5+ Bxd5 29. exd5 Raf8 30. Rc1 Kb8 31. Qd2 a5 32. Ka1 Qa6 33. a3 b5 34.
Qd1 c4 35. Rb1 b4 36. bxc4 Kc7 37. c5 dxc5 38. Bxc5 Rb8 39. d6+ Kd8 40. cxb4
axb4 41. Qb3 Rf8 42. Bxb4 Kd7 43. Be4 Rf6 44. Bf5+ Rxf5 45. gxf5 Rxb4 46. Qxb4
Qxd3 47. Qb7+ Kxd6 48. Rb6+ Kc5 49. Qc7+ 1-0

[Event "XXXVI C.to Italiano femminile"]
[Site "Bratto - Castione della Presolana ITA"]
[Date "2009.08.23"]
[Round "3"]
[White "Chiarion, Elisa"]
[Black "Pili, Erika"]
[Result "1-0"]
[WhiteElo "1904"]
[BlackElo "1824"]
[PlyCount "129"]
[EventDate "2009.08.21"]

1. e4 e5 2. Nf3 Nc6 3. Bc4 Nf6 4. d3 Be7 5. c3 d6 6. O-O Bg4 7. Re1 h6 8. Nbd2
O-O 9. Nf1 d5 10. exd5 Nxd5 11. h3 Be6 12. Nxe5 Nxe5 13. Rxe5 Nxc3 14. Qb3 Bxc4
15. dxc4 Bf6 16. Qxc3 Bxe5 17. Qxe5 Re8 18. Qg3 Re6 19. Bf4 c6 20. Ne3 Rg6 21.
Qf3 Qf6 22. Rb1 Rd8 23. Kh2 Rd4 24. g3 Rg5 25. Rd1 Rxd1 26. Nxd1 Ra5 27. a3 g5
28. Qg4 Qf5 29. Bc7 Qxg4 30. hxg4 Ra4 31. Ne3 b5 32. cxb5 cxb5 33. Bd6 Rd4 34.
Bb4 Re4 35. Kg2 Kh7 36. Kf3 Re8 37. Nf5 Kg6 38. Nd6 Re5 39. Bc3 Rd5 40. Nc8 Rd7
41. Ke4 h5 42. gxh5+ Kxh5 43. f3 Kg6 44. g4 a6 45. Bd4 Rc7 46. Nd6 Rc1 47. Nf5
Re1+ 48. Kd5 Rf1 49. Ke4 Rc1 50. Bc3 Rc2 51. Nd4 Rc1 52. Kd5 Rh1 53. Kc6 Rh6
54. Kb6 Kh7+ 55. Nc6 Rh3 56. Kxa6 Rxf3 57. Kxb5 f5 58. a4 fxg4 59. a5 g3 60.
Bd4 g2 61. a6 Rb3+ 62. Nb4 Rf3 63. a7 Rf8 64. Nc6 Kg6 65. Nb8 1-0

[Event "XXXVI C.to Italiano femminile"]
[Site "Bratto - Castione della Presolana ITA"]
[Date "2009.08.23"]
[Round "3"]
[White "Chierici, Marianna"]
[Black "De Rosa, Mariagrazia"]
[Result "1/2-1/2"]
[WhiteElo "2021"]
[BlackElo "2124"]
[PlyCount "115"]
[EventDate "2009.08.21"]

1. e4 c5 2. c3 d5 3. exd5 Qxd5 4. d4 Nf6 5. Nf3 Bg4 6. dxc5 Qxc5 7. Be3 Qc8 8.
h3 Bf5 9. Bb5+ Nc6 10. Qa4 Bd7 11. Nd4 e5 12. Nxc6 bxc6 13. Ba6 Qc7 14. O-O Be7
15. Qc2 Nd5 16. Bc1 O-O 17. Re1 Rae8 18. Nd2 f5 19. Bc4 Kh8 20. b4 e4 21. Bb2
Bf6 22. Nf1 Be6 23. Rad1 Nf4 24. Bxe6 Rxe6 25. Ng3 Be5 26. c4 Nd3 27. Bxe5 Nxe1
28. Bxc7 Nxc2 29. Nxf5 g6 30. Nh6 Kg7 31. Ng4 h5 32. Ne5 Rc8 33. Rd7+ Kg8 34.
Nf7 Kf8 35. Ng5 Ke8 36. Rd2 Re7 37. Bd6 Rd8 38. c5 Na3 39. Re2 Rb7 40. Rxe4+
Kd7 41. Nf7 Re8 42. Be5 Re6 43. Nd6 Rb8 44. f4 Nc2 45. a3 Nxa3 46. Rd4 Nc2 47.
Rd2 Rxe5 48. fxe5 Nxb4 49. Nc4+ Nd5 50. Ra2 Rb7 51. Kh2 Ke6 52. Ra6 Nb4 53. Ra4
Kd5 54. Nd6 Rb8 55. Rxa7 Kxe5 56. Rg7 Kf6 57. Rf7+ Ke6 58. Rg7 1/2-1/2

[Event "XXXVI C.to Italiano femminile"]
[Site "Bratto - Castione della Presolana ITA"]
[Date "2009.08.23"]
[Round "3"]
[White "Fantina, Carla"]
[Black "Matta, Francesca"]
[Result "0-1"]
[WhiteElo "1784"]
[BlackElo "1906"]
[PlyCount "88"]
[EventDate "2009.08.21"]

1. c4 c5 2. Nf3 Nc6 3. Nc3 Nd4 4. e3 Nxf3+ 5. Qxf3 Nf6 6. g3 g6 7. Bg2 Bg7 8.
O-O Rb8 9. h3 O-O 10. d4 b6 11. d5 d6 12. e4 a6 13. a4 Qc7 14. Qe2 e5 15. Be3
Ne8 16. Qd2 f5 17. exf5 gxf5 18. Bh6 f4 19. Bxg7 Qxg7 20. Kh2 f3 21. Bh1 Qg6
22. Rg1 Bxh3 23. Bxf3 Rxf3 24. Kxh3 Ng7 25. Rae1 Rbf8 26. Ne4 Nh5 27. Kh2 Kh8
28. Rg2 Nf6 29. Nxf6 R8xf6 30. Re2 Qh5+ 31. Kg1 Rh6 32. Kf1 Qg6 33. Re3 Rh1+
34. Ke2 Rxe3+ 35. Qxe3 Qc2+ 36. Qd2 Qe4+ 37. Qe3 Qxg2 38. Qb3 Qe4+ 39. Qe3
Qxe3+ 40. Kxe3 Kg7 41. f4 Kf6 42. Ke4 exf4 43. gxf4 Rb1 44. b4 Rxb4 0-1

[Event "XXXVI C.to Italiano femminile"]
[Site "Bratto - Castione della Presolana ITA"]
[Date "2009.08.23"]
[Round "3"]
[White "Reginato, Sabrina"]
[Black "Zanaboni, Alessandra"]
[Result "1-0"]
[WhiteElo "1880"]
[BlackElo "1587"]
[PlyCount "51"]
[EventDate "2009.08.21"]

1. e4 c5 2. Nf3 d6 3. d4 cxd4 4. Nxd4 Nf6 5. f3 e5 6. Bb5+ Bd7 7. Bxd7+ Qxd7 8.
Nf5 d5 9. Bg5 dxe4 10. Bxf6 Qxd1+ 11. Kxd1 gxf6 12. fxe4 Nc6 13. c3 O-O-O+ 14.
Nd2 Rg8 15. g3 Ne7 16. Kc2 Nxf5 17. exf5 Bh6 18. Ne4 Bg7 19. Rad1 Rd7 20. Rxd7
Kxd7 21. Rd1+ Ke7 22. Nc5 Rd8 23. Rxd8 Kxd8 24. Nxb7+ Kd7 25. Nc5+ Kd6 26. Ne4+
1-0